书目信息 |
| 题名: |
中国科举史
|
|
| 作者: | 刘海峰 , 李兵 著 | |
| 分册: | ||
| 出版信息: | 上海 东方出版中心 2006 |
|
| 页数: | 499页 | |
| 开本: | 21cm | |
| 丛书名: | 中华文化专题史系列丛书 | |
| 单 册: | ||
| 中图分类: | D691.3 | |
| 科图分类: | ||
| 主题词: | 科举制度--研究--中国--古代 , 科举制度 | |
| 电子资源: | ||
| ISBN: | 7-80186-193-0 | |
| 000 | 00903oam2 2200277 450 | |
| 001 | 002781895 | |
| 005 | 20061118100440.31 | |
| 010 | @a7-80186-193-0@dCNY36.00 | |
| 100 | @a20050211d2006 em y0chiy0110 ea | |
| 101 | 0 | @achi |
| 102 | @aCN@b310000 | |
| 105 | @ay z 000yy | |
| 200 | 1 | @a中国科举史@9zhong guo ke ju shi@f刘海峰,李兵著 |
| 205 | @a2版 | |
| 210 | @a上海@c东方出版中心@d2006 | |
| 215 | @a499页@d21cm | |
| 225 | 2 | @a中华文化专题史系列丛书 |
| 330 | @a本书是全面系统阐述中国科举制度的产生、发展、演变历史的专著,以科举制度演变为经,以人物、事件、活动、思想为纬,叙述了述科举制度史、制度运作及考试思想的历史发展等。 | |
| 461 | 0 | @12001 @a中华文化专题史系列丛书 |
| 606 | 0 | @a科举制度@x研究@y中国@z古代 |
| 606 | 0 | @a科举制度 |
| 690 | @aD691.3@v4 | |
| 701 | 0 | @a刘海峰@9liu hai feng@4著 |
| 701 | 0 | @a李兵@9li bing@4著 |
| 801 | 0 | @aCN@bNLC@c20061118 |
| 905 | @a10447@dD691.3@e111 | |
| 中国科举史/刘海峰,李兵著.-2版.-上海:东方出版中心,2006 |
| 499页;21cm.-(中华文化专题史系列丛书) |
| ISBN 7-80186-193-0:CNY36.00 |
| 本书是全面系统阐述中国科举制度的产生、发展、演变历史的专著,以科举制度演变为经,以人物、事件、活动、思想为纬,叙述了述科举制度史、制度运作及考试思想的历史发展等。 |
| ● |
| 相关链接 |
|
|
|
|
正题名:中国科举史
索取号:D691.3/111
 
预约/预借
| 序号 | 登录号 | 条形码 | 馆藏地/架位号 | 状态 | 备注 |
| 1 | 0392495 | 203924959 | 第一样本阅览室/ [索取号:D691.3/111] | 在馆 | |
| 2 | 0392496 | 203924968 | 第一借阅区/ [索取号:D691.3/111] | 在馆 | |
| 3 | 0392497 | 203924977 | 第一借阅区/ [索取号:D691.3/111] | 在馆 | |
| 4 | 0392498 | 203924986 | 第一借阅区/ [索取号:D691.3/111] | 在馆 | |
| 5 | 0392499 | 203924995 | 第一借阅区/ [索取号:D691.3/111] | 在馆 |